Statistics for 天候に関係するポケモンの特性

Click here to take the quiz!

General Stats

  • This quiz has been taken 49 times
  • The average score is 20 of 35

Answer Stats

HintAnswer% Correct
『にほんばれ』天気が『にほんばれ』になる。ひでり
93%
天気の影響がなくなる。ノーてんき
88%
『あめ』天気が『あめ』になる。あめふらし
88%
『あめ』『すばやさ』が2倍になる。すいすい
86%
『ゆき』天気が『ゆき』になる。ゆきふらし
81%
『すなあらし』天気が『すなあらし』になる。すなおこし
81%
『すなあらし』相手から受ける技の命中率が0.8倍になる。
また、『すなあらし』による毎ターンのダメージを受けない。
すながくれ
74%
『にほんばれ』『すばやさ』が2倍になる。ようりょくそ
70%
『すなあらし』『すばやさ』が2倍になる。すなかき
70%
『ゆき』『すばやさ』が2倍になる。ゆきかき
67%
『にほんばれ』『とくこう』が1.5倍になるが、
毎ターン終了時に最大HPの1/8のダメージを受ける。
サンパワー
67%
天気の影響がなくなる。エアロック
67%
『ゆき』相手から受ける技の命中率が0.8倍になる。ゆきがくれ
65%
『あめ』毎ターン終了時にHPが最大HPの1/8回復する。かんそうはだ
65%
『ひざしがとてもつよい』天気が『ひざしがとてもつよい』になる。おわりのだいち
65%
『にほんばれ』毎ターン終了時に最大HPの1/8のダメージを受ける。かんそうはだ
65%
『つよいあめ』天気が『つよいあめ』になる。はじまりのうみ
63%
『あめ』毎ターン終了時にHPが最大HPの1/16回復する。あめうけざら
60%
『にほんばれ』ターン終了時に『きのみ』が戻る確率が100%になる。しゅうかく
53%
『あめ』毎ターン終了時に状態異常が回復する。うるおいボディ
51%
『すなあらし』技のダメージを受けると、天気が『すなあらし』になる。すなはき
51%
『すなあらし』自分の『いわ』『じめん』『はがね』タイプの技の威力が1.3倍になる。
また、『すなあらし』による毎ターンのダメージを受けない。
すなのちから
51%
『ゆき』毎ターン終了時にHPが最大HPの1/16回復する。アイスボディ
49%
『ゆき』『コオリッポ(ナイス)』がフォルムチェンジする。アイスフェイス
47%
『あめ』『ポワルン』がほのおタイプになる。てんきや
47%
『にほんばれ』『ポワルン』がほのおタイプになる。てんきや
47%
『ゆき』『ポワルン』がこおりタイプになる。てんきや
47%
『らんきりゅう』天気が『らんきりゅう』になる。デルタストリーム
44%
『にほんばれ』一番高い能力が上がる。
『すばやさ』の時は1.5倍になり、それ以外の時は1.3倍になる。
こだいかっせい
42%
『にほんばれ』『チェリム』は、ポジフォルムにフォルムチェンジし、
自分とすべての味方の『こうげき』『とくぼう』が1.5倍になる。
フラワーギフト
37%
『すなあらし』『すなあらし』による毎ターンのダメージを受けない。ぼうじん
37%
『にほんばれ』状態異常にならない。リーフガード
28%
『にほんばれ』『こうげき』が1.3倍になる。ひひいろのこどう
21%
『にほんばれ』天気が『にほんばれ』になる。ひひいろのこどう
21%
『すなあらし』『すなあらし』による毎ターンのダメージを受けない。マジックガード
19%

Score Distribution

Percentile by Number Answered

Percent of People with Each Score

Your Score History

You have not taken this quiz